000 01671cam a22003854a 4500
999 _c4368
_d4368
001 13983689
003 OSt
005 20190905164633.0
008 050526s2007 mauaf b 001 0 eng
010 _a 2005015459
015 _aGBA582312
_2bnb
016 7 _a013301739
_2Uk
020 _a0632054549 (pbk. : alk. paper)
020 _a9780632054541 (pbk. : alk. paper)
020 _a9780632054541
035 _a(OCoLC)ocm60557335
035 _a(OCoLC)60557335
_z(OCoLC)61757179
040 _aDLC
_cDLC
_dBAKER
_dUKM
_dC#P
_dIXA
_dDLC
042 _apcc
050 0 0 _aQR103
_b.K66 2007
082 0 0 _aQW 4
_bK837i 2007
100 1 _aKonhauser, Kurt.
_99410
245 1 0 _aIntroduction to Geomicrobiology
260 _aMalden, MA :
_bBlackwell Pub.,
_c2007.
300 _ax, 425 p., [8] p. of plates :
_bcol.ill ;
_c25 cm.
504 _aIncludes bibliographical references (p. [350]-405) and index.
505 0 _aMicrobial properties and diversity -- Microbial metabolism -- Cell surface reactivity and metal sorption -- Biomineralization -- Microbial weathering -- Microbial zonation -- Early microbial life.
650 0 _aGeomicrobiology.
_99411
856 4 1 _3Table of contents
_uhttp://www.loc.gov/catdir/toc/ecip0513/2005015459.html
856 4 2 _3Contributor biographical information
_uhttp://www.loc.gov/catdir/enhancements/fy0802/2005015459-b.html
856 4 2 _3Publisher description
_uhttp://www.loc.gov/catdir/enhancements/fy0802/2005015459-d.html
906 _a7
_bcbc
_corignew
_d1
_eecip
_f20
_gy-gencatlg
942 _2ddc
_cO_SHELF